Automotive Radar Sensors in Silicon Technologies

This book presents architectures and design techniques for mm-wave automotive radar transceivers. Several fully-integrated transceivers and receivers operating at 22-29 GHz and 77-81 GHz are demonstrated in both CMOS and SiGe BiCMOS technologies. Excellent performance is achieved indicating the suit...

Full description

Bibliographic Details
Main Authors: Jain, Vipul (Author), Heydari, Payam (Author)
Corporate Author: SpringerLink (Online service)
Format: Electronic eBook
Language:English
Published: New York, NY : Springer New York : Imprint: Springer, 2013.
Subjects:
Online Access:Full Text via HEAL-Link
LEADER 03183nam a22004455i 4500
001 978-1-4419-6775-6
003 DE-He213
005 20151107111231.0
007 cr nn 008mamaa
008 120928s2013 xxu| s |||| 0|eng d
020 |a 9781441967756  |9 978-1-4419-6775-6 
024 7 |a 10.1007/978-1-4419-6775-6  |2 doi 
040 |d GrThAP 
050 4 |a TK7888.4 
072 7 |a TJFC  |2 bicssc 
072 7 |a TEC008010  |2 bisacsh 
082 0 4 |a 621.3815  |2 23 
100 1 |a Jain, Vipul.  |e author. 
245 1 0 |a Automotive Radar Sensors in Silicon Technologies  |h [electronic resource] /  |c by Vipul Jain, Payam Heydari. 
264 1 |a New York, NY :  |b Springer New York :  |b Imprint: Springer,  |c 2013. 
300 |a VIII, 100 p.  |b online resource. 
336 |a text  |b txt  |2 rdacontent 
337 |a computer  |b c  |2 rdamedia 
338 |a online resource  |b cr  |2 rdacarrier 
347 |a text file  |b PDF  |2 rda 
505 0 |a Introduction -- Radar Fundamentals -- Automotive Radars -- A 22-23-GHz UWB Pulse-Radar Receiver Front-End -- A BiCMOS Dual-Band Millimeter-Wave Frequency Synthesizer -- A Single-Chip 22-29-GHz/77-81GHz BiCMOS Transceiver -- Conclusion. 
520 |a This book presents architectures and design techniques for mm-wave automotive radar transceivers. Several fully-integrated transceivers and receivers operating at 22-29 GHz and 77-81 GHz are demonstrated in both CMOS and SiGe BiCMOS technologies. Excellent performance is achieved indicating the suitability of silicon technologies for automotive radar sensors.  This book bridges an existing gap between information available on dependable system/architecture design and circuit design.  It provides the background of the field and detailed description of recent research and development of silicon-based radar sensors.  System-level requirements and circuit topologies for radar transceivers are described in detail. Holistic approaches towards designing radar sensors are validated with several examples of highly-integrated radar ICs in silicon technologies. Circuit techniques to design millimeter-wave circuits in silicon technologies are discussed in depth.  Describes concepts and fundamentals of automotive radar sensors; Bridges the current gap between publications on system/architecture design and circuit design for automotive radar sensors; Describes in detail system-level requirements and circuit topologies for radar transceivers; Validates holistic approaches towards designing radar sensors with several examples of highly-integrated radar ICs in silicon technologies; Describes various techniques to design millimeter-wave circuits in silicon technologies. 
650 0 |a Engineering. 
650 0 |a Computer-aided engineering. 
650 0 |a Electronic circuits. 
650 1 4 |a Engineering. 
650 2 4 |a Circuits and Systems. 
650 2 4 |a Computer-Aided Engineering (CAD, CAE) and Design. 
700 1 |a Heydari, Payam.  |e author. 
710 2 |a SpringerLink (Online service) 
773 0 |t Springer eBooks 
776 0 8 |i Printed edition:  |z 9781441967749 
856 4 0 |u http://dx.doi.org/10.1007/978-1-4419-6775-6  |z Full Text via HEAL-Link 
912 |a ZDB-2-ENG 
950 |a Engineering (Springer-11647)